Statistics for English Football League Clubs 2020/21

Click here to take the quiz!

General Stats

  • This quiz has been taken 2,460 times
    (357 since last reset)
  • The average score is 51 of 72

Answer Stats

Answer % Correct
Norwich City
91%
Nottingham Forest
87%
Sunderland
87%
Cardiff City
86%
Watford
85%
Swansea City
85%
Bournemouth
85%
Bolton Wanderers
85%
Birmingham City
85%
Blackburn Rovers
84%
Portsmouth
84%
Derby County
83%
Sheffield Wednesday
83%
Barnsley
82%
Bristol City
81%
Queens Park Rangers
80%
Hull City
80%
Oxford United
80%
Brentford
80%
Blackpool
80%
Ipswich Town
79%
Bristol Rovers
78%
Plymouth Argyle
78%
Stoke City
78%
Wigan Athletic
76%
Reading
76%
AFC Wimbledon
75%
Huddersfield Town
75%
Charlton Athletic
75%
Luton Town
75%
Accrington Stanley
74%
Wycombe Wanderers
74%
Middlesbrough
74%
Bradford City
72%
Preston North End
71%
Millwall
71%
Rotherham United
71%
Milton Keynes Dons
70%
Coventry City
70%
Cambridge United
70%
Carlisle United
69%
Tranmere Rovers
68%
Lincoln City
68%
Swindon Town
67%
Exeter City
66%
Gillingham
66%
Colchester United
66%
Peterborough United
65%
Northampton Town
65%
Mansfield Town
64%
Burton Albion
64%
Newport County
63%
Salford City
63%
Doncaster Rovers
63%
Forest Green Rovers
62%
Oldham Athletic
62%
Southend United
62%
Port Vale
61%
Crewe Alexandra
60%
Morecambe
60%
Cheltenham Town
59%
Grimsby Town
59%
Fleetwood Town
59%
Leyton Orient
58%
Walsall
57%
Scunthorpe United
57%
Rochdale
56%
Stevenage
54%
Shrewsbury Town
53%
Crawley Town
49%
Harrogate Town
48%
Barrow
47%

Score Distribution

Percentile by Number Answered

Percent of People with Each Score

Your Score History

You have not taken this quiz since the last reset